00377 a2200133 4500020002300000035001300023037004500036082000600081100002200087245004600109260004400155300002300199490002100222 a000712113Xc575.60 aB-211593 bRP-ZLS-2783 / UBH-07-08:6 / RP-07-08:ENG14aN1 aChristies, Agatha1 aPoirot's early casescby Agatha Christies aLondonbHarper Collins Publishersc2002 a412 pc18 cm (pbk) aAgatha Christies